Welcome to University of Cape Coast Library, Online Public Access Catalogue (OPAC)

Calculus for scientists and engineers : (Record no. 38556)

MARC details
000 -LEADER
fixed length control field 00697cam a2200217Ma 4500
001 - CONTROL NUMBER
control field on1118571431
003 - CONTROL NUMBER IDENTIFIER
control field OCoLC
005 - DATE AND TIME OF LATEST TRANSACTION
control field 20220304180833.0
008 - FIXED-LENGTH DATA ELEMENTS--GENERAL INFORMATION
fixed length control field 120423s2012 mau 000 0 eng d
020 ## - INTERNATIONAL STANDARD BOOK NUMBER
International Standard Book Number 9780321785503
Qualifying information (pbk.)
020 ## - INTERNATIONAL STANDARD BOOK NUMBER
International Standard Book Number 0321785509
Qualifying information (pbk.)
035 ## - SYSTEM CONTROL NUMBER
System control number (OCoLC)1118571431
040 ## - CATALOGING SOURCE
Original cataloging agency NLW
Language of cataloging eng
Transcribing agency NLW
Modifying agency OCLCQ
100 1# - MAIN ENTRY--PERSONAL NAME
Personal name Briggs, William.
9 (RLIN) 99234
245 10 - TITLE STATEMENT
Title Calculus for scientists and engineers :
Remainder of title early transcendentals : single variable /
Statement of responsibility, etc. William Briggs [and others].
260 ## - PUBLICATION, DISTRIBUTION, ETC.
Place of publication, distribution, etc. Boston ;
-- Harlow :
Name of publisher, distributor, etc. Pearson Education,
Date of publication, distribution, etc. 2013.
300 ## - PHYSICAL DESCRIPTION
Extent 1186 pages ;
Dimensions 28 cm
856 ## - ELECTRONIC LOCATION AND ACCESS
Link text Download Ebook
942 ## - ADDED ENTRY ELEMENTS (KOHA)
Koha item type Books
948 ## - LOCAL PROCESSING INFORMATION (OCLC); SERIES PART DESIGNATOR (RLIN)
h (OCLC) NO HOLDINGS IN GHUCC - 1 OTHER HOLDINGS
Holdings
Lost status Collection code Home library Shelving location Date acquired Total Checkouts Full call number Barcode Date last seen Date last checked out Koha item type
  Open UCC Main Library   09/13/2021 1 QA303.2.C12 30261101636209 09/27/2021 09/13/2021 Books
Koha©2022 UCC.All Right Reserved.Site Developed by Sam Jonah Library IT Team
<Home | Contact | Library publications |Research Tools | Research Guides |https://ucclivechat.library-gh.net/index.php/chat

If you have questions or concern please contact the Library.



PMB, University of Cape Coast

KOHA HOME